Central Library OPAC University of Rajshahi

Agricultural expansion and tropical deforestation : (Record no. 67145)

MARC details
000 -LEADER
fixed length control field 01021nam a2200277 a 4500
001 - CONTROL NUMBER
control field 67145
003 - CONTROL NUMBER IDENTIFIER
rucl marc code BD-RjUL
005 - DATE AND TIME OF LATEST TRANSACTION
control field 20211209081623.0
008 - FIXED-LENGTH DATA ELEMENTS--GENERAL INFORMATION
fixed length control field 170322s1986 enkb b 001 0 eng d
020 ## - INTERNATIONAL STANDARD BOOK NUMBER
International Standard Book Number 1853836664
International Standard Book Number 1853836656 (pbk.)
035 ## - SYSTEM CONTROL NUMBER
System control number (BD-RjUL)BD-RjUL
040 ## - CATALOGING SOURCE
Original cataloging agency UKM
Transcribing agency UKM
Modifying agency AGL
-- BD-RjUL
Language of cataloging eng
041 ## - LANGUAGE CODE
Language code of text/sound track or separate title eng
082 00 - DEWEY DECIMAL CLASSIFICATION NUMBER
Classification number 630.7
Edition number 23
Author mark and year BAA 1986
100 1# - MAIN ENTRY--PERSONAL NAME
Personal name Barraclough, Solon,
Dates associated with a name 1922-2002.
9 (RLIN) 198905
245 10 - TITLE STATEMENT
Title Agricultural expansion and tropical deforestation :
Remainder of title poverty, international trade, and land use /
Statement of responsibility, etc. Solon L. Barraclough and Krishna B. Ghimire.
260 ## - PUBLICATION, DISTRIBUTION, ETC. (IMPRINT)
Place of publication, distribution, etc. London ;
-- Sterling, VA :
Name of publisher, distributor, etc. Earthscan,
Date of publication, distribution, etc. c1986
300 ## - PHYSICAL DESCRIPTION
Pagination xvii, 150 p. :
Illustrations ill. ;
Size 24 cm.
504 ## - BIBLIOGRAPHY, ETC. NOTE
Bibliography, etc Includes bibliographical references (p. [141]-144) and index.
650 #0 - SUBJECT ADDED ENTRY--TOPICAL TERM
Topical term or geographic name as entry element Deforestation
Geographic subdivision Tropics.
9 (RLIN) 137685
Topical term or geographic name as entry element Agriculture
General subdivision Environmental aspects
Geographic subdivision Tropics.
9 (RLIN) 198906
Topical term or geographic name as entry element Land use, Rural
Geographic subdivision Tropics.
9 (RLIN) 198907
700 1# - ADDED ENTRY--PERSONAL NAME
Personal name Ghimire, K. B.
Fuller form of name (Kléber Bertrand)
942 ## - ADDED ENTRY ELEMENTS (KOHA)
Source of classification or shelving scheme Dewey Decimal Classification
Koha item type Books
Holdings
Lost status Source of classification or shelving scheme Damaged status Not for loan Collection code Permanent Location Current Location Shelving location Date acquired Source of acquisition Cost, normal purchase price Total Checkouts Full call number Date last seen Copy number Koha item type
  Dewey Decimal Classification   Not For Loan Non-fiction Central Library, University of Rajshahi Central Library, University of Rajshahi Reading Room 21/08/2008 Dhaka, Ankur Prakashani 1974.00   630.7 BAA 1986 22/03/2017 C-1 Books